000 00652nam a22002171c 4500
001 a987694140
008 200616s1959 gw |||| 000u rus d
041 _arus
245 0 0 _aNarodnoe chozjajstvo SSSR v 1958 godu :
_bStatističeskij ežegodnik
264 _aMoskva :
_bGosstatizdat CRU SSSR,
_c1959
300 _a958 Seiten : graph. Darst.
648 0 _a1958
650 0 _aWirtschaft
650 0 _aLandwirtschaftsstatistik
651 0 _aSowjetunion
700 1 _aGenin, S. Ja.
_eHerausgeberIn
710 2 _aSowjetunion. Sovet ministrov / Central'noe statističeskoe upravlenie
942 _cMG
040 _cRU-10907106
003 RU-10907106
999 _c13793
_d13793